000 00356cam a22001097a 4500
008 180718b1968 xxu||||| |||| 00| 0 eng d
082 _aT478096 In2
245 _aSeminar on international investment: India
_cIndian Investment Centre, India
260 _aNew Delhi
_bIndian Investment Centre
_c1968
300 _a205p
700 _aIndia. Indian Investment Centre
999 _c498202
_d498202